000 00264nam a22001217a 4500
020 _a365253
082 _a891.4391 SAH
100 _aSAHIR LUDHYANVI
_963017
245 _aKULYAT-E-SAHIR
260 _aLAHORE
_bDUA PUBLISHERS
_c2009
300 _a519P
942 _cBK
999 _c571966
_d571966